[Event "SLO-chT2 East"]
[Site "Brezice Maribor"]
[Date "2007.11.17"]
[Round "9"]
[White "Halik, Tomo"]
[Black "Ipavic, Hubert"]
[Result "1/2-1/2"]
[WhiteElo "2165"]
[BlackElo "1940"]
[PlyCount "55"]
[EventDate "2007.05.26"]
[EventType "team-tourn"]
[EventRounds "9"]
[EventCountry "SLO"]
[SourceTitle "EXT 2010"]
[Source "ChessBase"]
[SourceDate "2010.11.25"]
[SourceVersion "1"]
[SourceVersionDate "2010.11.25"]
[SourceQuality "1"]

1. Nf3 Nf6 2. c4 g6 3. Nc3 Bg7 4. e4 d6 5. d4 0-0 6. Be2 b6 7. 0-0 Bb7 8. d5 Nbd7 9. Bg5 Nc5 10. Nd2 Re8 11. b4 Ncd7 12. Rc1 a5 13. a3 c6 14. Re1 Qc7 15. Bf1 axb4 16. axb4 Ra3 17. Nb3 e5 18. Qc2 Rea8 19. Qb2 Qb8 20. dxc6 Bxc6 21. Nd5 Qb7 22. Na5 bxa5 23. Qxa3 Bxd5 24. cxd5 axb4 25. Qb2 Nc5 26. Rc4 b3 27. f3 Ra2 28. Qb1 1/2-1/2

[Event "SLO-chT2 East"]
[Site "Brezice Maribor"]
[Date "2007.09.08"]
[Round "5"]
[White "Mitrovic, Boris"]
[Black "Ipavic, Hubert"]
[Result "1-0"]
[WhiteElo "2044"]
[BlackElo "1940"]
[PlyCount "56"]
[EventDate "2007.05.26"]
[EventType "team-tourn"]
[EventRounds "9"]
[EventCountry "SLO"]
[SourceTitle "EXT 2010"]
[Source "ChessBase"]
[SourceDate "2010.11.25"]
[SourceVersion "1"]
[SourceVersionDate "2010.11.25"]
[SourceQuality "1"]

1. b3 e6 2. Bb2 Nf6 3. e3 d5 4. Nf3 c5 5. d4 Nc6 6. Nbd2 Be7 7. c4 0-0 8. Rc1 b6 9. Bd3 Bb7 10. 0-0 h6 11. Qe2 Re8 12. Rfd1 Bd6 13. e4 e5 14. dxc5 bxc5 15. cxd5 Nd4 16. Qf1 Nxf3+ 17. Nxf3 Nxd5 18. Bb5 Re6 19. exd5 Re7 20. Bc6 Rb8 21. Bxb7 Rbxb7 22. Nd2 f5 23. Nc4 Bb8 24. d6 Re6 25. Bxe5 Rd7 26. Qd3 Qf8 27. Qd5 Qf7 28. Qxc5 Kh7 1-0

[Event "SLO-chT2 East"]
[Site "Brezice Maribor"]
[Date "2007.06.09"]
[Round "4"]
[White "Ipavic, Hubert"]
[Black "Vrabic, Anita"]
[Result "1-0"]
[WhiteElo "1940"]
[BlackElo "2119"]
[PlyCount "39"]
[EventDate "2007.05.26"]
[EventType "team-tourn"]
[EventRounds "9"]
[EventCountry "SLO"]
[SourceTitle "EXT 2010"]
[Source "ChessBase"]
[SourceDate "2010.11.25"]
[SourceVersion "1"]
[SourceVersionDate "2010.11.25"]
[SourceQuality "1"]

1. e4 c5 2. Nf3 Nc6 3. d4 cxd4 4. Nxd4 Nf6 5. Nc3 d6 6. Be2 e5 7. Nb3 Be7 8. Be3 Be6 9. Qd2 0-0 10. f3 a5 11. a3 a4 12. Nc1 Qa5 13. Bb5 Rfd8 14. Qf2 Nd7 15. 0-0 Nd4 16. Bxa4 b5 17. Bb3 Nxb3 18. Nxb3 Qa6 19. Rfd1 Bc4 20. Nd5 1-0